00826nam a22001937a 4500003000900000008004100009040007100050082001800121100002400139245006200163260003500225300002800260440004100288505022700329650001900556650001300575650002200588650002200610AR-CdUCM190514b ||||| |||| 00| 0 spa d aMUNICIPALIDAD PROVINCIAL DEL CUSCOcBIBLIOTECA MUNICIPAL DEL CUSCO a970.03 /bT35 aTeitelboim, Voladia aEl amanecer del capitalismo y la conquista de América / aBuenos Aires :bFuturo,c1963. a189 páginas ;c21 cm. aColección el Hombre y la Historia. aContenido: Paisaje del medioevo, la materia y el cielo -- La burguesía entra en escena -- Grandeza y miseria de la primavera burguesa -- La multiplicación del mundo -- El capital pone precio a lo humano y lo divino ... aLa burguesía aHistoria aAmérica Central aAmérica del Sur